000 00482nam a2200193Ia 4500
003 IIN
005 20240201164115.0
008 231217s9999 xx 000 0 und d
020 _cRs.495.00
_a9789352701544
040 _aIIN
_bEnglish
082 _a150.2461073
_bSRE
100 1 _aSreevani, R. Sreevan
245 1 _aPsychology for Nurses
_cR. Sreevani
250 _a3rd ed
260 _bJaypee
_aNew Delhi
_c2018
300 _axviii, 254 p.
650 1 _aPsychology
942 _cBOOK
999 _c734
_d734